Callas Forever = Callas Forever /

Gardado en:
Detalles Bibliográficos
Autor Principal: Zeffirelli, Franco (realización)
Outros autores: Sherman, Martin (guión) (guión), Zeffirelli, Franco (guión) (guión), Guarnieri, Ennio (fotógrafo) (fotógrafo), Anni, Anna (vestuario) (vestuario), Lai, Alessandro (vestuario) (vestuario), Spiazzi, Alberto (vestuario) (vestuario), Barton, Sean (montaje) (montaje), Vlad, Alessio (música) (música), Ardant, Fanny (actuación) (actuación), Irons, Jeremy (actuación) (actuación), Plowright, Joan (actuación) (actuación)
Formato: Deslizar
Idioma:inglés
Publicado: Roma, Italia : Medusa Produzione, 2002, c2002
Temas:
Etiquetas: Engadir etiqueta
Sen Etiquetas, Sexa o primeiro en etiquetar este rexistro!

MARC

LEADER 00000ngm^a2200000^a^4500
001 000187316
005 20250521000000.0
009 20260310102254.799
037 |a Acervo ITESO - Biblioteca 
041 |a ING 
082 |a 850.  |b ZEF 
100 |a Zeffirelli, Franco  |e (realización) 
240 1 1 |a [Callas por siempre] 
245 1 0 |a Callas Forever =  |b Callas Forever /  |c Realización de F. Zeffirelli. 
246 2 |a Título en México: Callas por siempre 
246 2 |a Título en la pantalla: Callas Forever 
246 2 |a Título en la cubierta: Callas Forever 
264 4 |a Roma, Italia :  |b Medusa Produzione,  |c 2002, c2002 
264 2 |a Los Angeles, EUA :  |b Image Entertainment [distribución],  |c 2005, c2005 
300 |a 1 DVD región 1 (108 min.) :  |b color 
336 |a imagen móvil bidimensional  |b tdi  |2 rdacontenido 
337 |a video  |b v  |2 rdamedio 
338 |a videodisco  |b vd  |2 rdasoporte 
546 |a En francés, inglés e italiano, con subtítulos opcionales: español 
586 |a Diseño de Indumentaria y Moda: Premio Goya, de la Academia Española de Cine (17°: 2003): Mejor Diseño de Vestuario (finalistas: Anna Anni, Alessandro Lai y Alberto Spiazzi) 
649 |a XX 
650 |a Cantantes en el Cine 
650 |a Cantantes Griegos -  |x Biografías 
650 |a Artistas en el Cine 
650 |a Artistas Griegos -  |x Biografías 
650 |a Mujeres en el Cine 
650 |a Mujeres Griegas -  |x Biografías 
650 |a Opera en el Cine -  |x Historia y Crítica 
650 |a Opera -  |x Historia y Crítica 
650 |a Melodramas 
650 |a Dramas Cinematográficos 
650 |a Cine en el Cine 
650 |a Cine en Inglés -  |z Italia 
650 |a Cine Italiano -  |y 2000-2009 
650 |a Cine Italiano -  |y Siglo XXI 
650 |a Música para Representación -  |x Historia y Crítica 
650 |a Música en el Teatro -  |x Historia y Crítica 
650 |a Música de Concierto -  |x Historia y Crítica 
650 |a Música -  |x Historia y Crítica 
650 |a Música -  |y Siglo XX 
650 |a Música en el Cine 
650 |a Artes Escénicas -  |x Historia y Crítica 
650 |a Honestidad -  |x Tema Principal 
650 |a Creación (Literaria, Artística, etc.) 
650 |a Psicología y Arte 
650 |a Arte y Etica 
650 |a Estética 
650 |a Callas, Maria -  |x Tema Principal 
700 |a Sherman, Martin  |e (guión) 
700 |a Zeffirelli, Franco  |e (guión) 
700 |a Guarnieri, Ennio  |e (fotógrafo) 
700 |a Anni, Anna  |e (vestuario) 
700 |a Lai, Alessandro  |e (vestuario) 
700 |a Spiazzi, Alberto  |e (vestuario) 
700 |a Barton, Sean  |e (montaje) 
700 |a Vlad, Alessio  |e (música) 
700 |a Ardant, Fanny  |e (actuación) 
700 |a Irons, Jeremy  |e (actuación) 
700 |a Plowright, Joan  |e (actuación) 
910 |a Fondo General 
920 |a Audiovisuales - DVDs 
940 |a Películas 
905 |a 302 
901 |a 0500088870  |b IT2  |c DVS  |u 20250521 
902 |a https://opac.biblio.iteso.mx/vufind/Record/000187316